[Event "Again?"]
[Site "http://www.queenalice.com/game.php?id=69861"]
[Date "2006.5.18"]
[Round "-"]
[White "Cleo_Godoy"]
[Black "CaHeZa"]
[Result "0-1"]
[WhiteElo "1757"]
[BlackElo "1176"]

1. e4 e5 2. Nf3 Nc6 3. b3 d6 4. Bb2 Qe7 5. Bc4 Be6 6. Bxe6 fxe6 7. O-O O-O-O 8.
c3 d5 9. d3 dxe4 10. Nfd2 exd3 11. Ne4 Nf6 12. Nbd2 Nxe4 13. Nxe4 Qh4 14. f3 Qf4
15. Nc5 Qe3+ 0-1

[Event "Então tá!!"]
[Site "http://www.queenalice.com/game.php?id=72191"]
[Date "2006.5.27"]
[Round "-"]
[White "Cleo_Godoy"]
[Black "Xadrezbr"]
[Result "0-1"]
[WhiteElo "1757"]
[BlackElo "1866"]

1. e4 e5 2. Nf3 Nc6 3. Nc3 Nf6 4. d4 exd4 5. Nxd4 Bb4 6. Nxc6 bxc6 7. Qf3 Qe7 8.
Bd2 d5 9. Bd3 dxe4 10. Bxe4 Bxc3 11. Bxc3 Qxe4+ 12. Qxe4+ Nxe4 13. Bxg7 Rg8 14.
Be5 Nd6 15. O-O Be6 16. Rfe1 O-O-O 17. b3 Bd5 18. f3 Bxf3 19. g3 h5 20. Rf1 Be4
21. Rae1 Bxc2 22. Bxd6 Rxd6 23. Rxf7 Rd7 24. Rf6 Rgd8 25. Rxc6 Rd1 26. Re6 Rxe1+
27. Rxe1 Rd1 28. Rxd1 Bxd1 29. Kf2 Kb7 30. Ke3 Kb6 31. Kd2 Bg4 32. a3 Kc5 33.
Kc3 a5 34. b4+ axb4+ 35. axb4+ Kd5 36. Kd3 Bf5+ 37. Kc3 Ke4 0-1

[Event "Rumo ao Hexa!!!!!!"]
[Site "http://www.queenalice.com/game.php?id=75589"]
[Date "2006.6.10"]
[Round "-"]
[White "CaHeZa"]
[Black "Cleo_Godoy"]
[Result "0-1"]
[WhiteElo "1206"]
[BlackElo "1769"]

1. e4 e5 2. Nf3 d6 3. Nc3 Be6 4. Bb5+ c6 5. Ba4 Nf6 6. d3 Be7 7. Ng5 Bg4 8. Ne2
Bxe2 9. Qxe2 Qa5+ 10. Bd2 Qxa4 11. b3 Qd4 12. O-O-O d5 13. exd5 Ba3+ 0-1

[Event "SóPraTreinar"]
[Site "http://www.queenalice.com/game.php?id=76134"]
[Date "2006.6.13"]
[Round "-"]
[White "Cleo_Godoy"]
[Black "alisonkarina"]
[Result "1-0"]
[WhiteElo "1757"]
[BlackElo "1209"]

1. e4 Nf6 2. Nc3 e6 3. Nf3 Nc6 4. d4 Bb4 5. Bd2 O-O 6. a3 Bxc3 7. Bxc3 Nxe4 8.
Qd3 d5 9. Be2 a5 10. Nd2 Ra6 11. Nxe4 dxe4 12. Qxe4 e5 13. Bd3 g6 14. Bxa6 Bf5
15. Qf3 e4 16. Qe2 bxa6 17. O-O-O Qg5+ 18. Kb1 Re8 19. g3 Bg4 20. Qxa6 Re6 21.
d5 Nb8 22. Qc8+ Re8 23. Qxe8# 1-0

[Event "VT2"]
[Site "http://www.queenalice.com/game.php?id=76135"]
[Date "2006.6.13"]
[Round "-"]
[White "alisonkarina"]
[Black "Cleo_Godoy"]
[Result "0-1"]
[WhiteElo "1209"]
[BlackElo "1763"]

1. e4 e5 2. Nf3 d6 3. Bb5+ Bd7 4. Nc3 Nf6 5. O-O Bxb5 6. Nxb5 Nxe4 7. Qe1 f5 8.
d3 Qd7 9. Ng5 Nxg5 10. a4 f4 11. Ra3 Nc6 12. Rc3 a6 13. Na3 Nd4 14. b3 Qg4 15.
Rxc7 Ndf3+ 16. Kh1 Nxe1 17. Rxe1 Rb8 18. Rg1 Ne6 19. Rc6 Be7 20. Nc4 bxc6 21. c3
Rxb3 22. d4 Rxc3 23. Nb6 Nxd4 24. Bd2 Rb3 25. h3 Rxh3+ 26. gxh3 Qxh3# 0-1

[Event "QA-ANNIV-02"]
[Site "http://www.queenalice.com/game.php?id=76846"]
[Date "2006.6.15"]
[Round "1"]
[White "Cleo_Godoy"]
[Black "Edgar"]
[Result "0-1"]
[WhiteElo "1789"]
[BlackElo "1962"]

1. e4 e5 2. Nf3 Nc6 3. Bb5 Nf6 4. Bxc6 dxc6 5. d3 Bd6 6. Nc3 O-O 7. O-O Bg4 8.
Qe2 Nh5 9. Qe3 Nf4 10. Ne2 Bc5 11. d4 Nxe2+ 12. Qxe2 exd4 13. Bd2 Re8 14. Rae1
h6 15. Qd3 Qf6 16. e5 Qe6 17. Nxd4 Bxd4 18. Qxd4 Bf5 19. c4 Red8 20. Qc3 Bd3 21.
f4 Bxf1 22. Rxf1 Qf5 23. Qc1 b6 24. Rf2 Rd3 0-1

[Event "revanche I"]
[Site "http://www.queenalice.com/game.php?id=78548"]
[Date "2006.6.20"]
[Round "-"]
[White "alisonkarina"]
[Black "Cleo_Godoy"]
[Result "0-1"]
[WhiteElo "1253"]
[BlackElo "1765"]

1. e4 e5 2. Nf3 Nc6 3. Bc4 d6 4. Nc3 Nf6 5. O-O b6 6. Ng5 Be6 7. Bxe6 fxe6 8.
Nxe6 Qd7 9. Ng5 Be7 10. b3 O-O 11. Qe2 Nd4 12. Qd3 Ng4 13. Qh3 Bxg5 14. f3 Nxc2
15. Rb1 Nd4 16. fxg4 b5 17. Nd5 Ne2+ 18. Kh1 Rxf1# 0-1

[Event "revanche II"]
[Site "http://www.queenalice.com/game.php?id=78549"]
[Date "2006.6.20"]
[Round "-"]
[White "Cleo_Godoy"]
[Black "alisonkarina"]
[Result "0-1"]
[WhiteElo "1767"]
[BlackElo "1253"]

1. e4 e5 2. Nf3 Bc5 3. Nxe5 Nc6 4. Nxc6 dxc6 5. c3 Be6 6. d4 Bb6 7. Na3 Nf6 8.
Bd3 O-O 9. Qf3 Bg4 10. Qg3 c5 11. O-O cxd4 12. e5 Nd7 13. Qxg4 Nxe5 14. Bxh7+
Kxh7 15. Qf5+ Kg8 16. Qxe5 a5 17. Nc4 Ra6 18. Nxb6 cxb6 19. cxd4 b5 20. Bf4 b4
21. d5 Qh4 22. Qc7 g5 23. Bg3 Qd4 24. Qxb7 Rh6 25. Rfd1 Qxb2 26. d6 Rf6 27. d7
Qe2 28. Rac1 Rd8 29. Rc8 Qxd1# 0-1

[Event "AUTO-MASTER-125"]
[Site "http://www.queenalice.com/game.php?id=78571"]
[Date "2006.6.20"]
[Round "2"]
[White "Catalin"]
[Black "Cleo_Godoy"]
[Result "1-0"]
[WhiteElo "1932"]
[BlackElo "1605"]

1. e4 e5 2. Nf3 Nc6 3. d4 d6 4. dxe5 dxe5 5. Qxd8+ Kxd8 6. Bc4 f6 7. O-O Bc5 8.
Rd1+ Ke7 9. c3 a6 10. b4 Bd6 11. Nbd2 b5 12. Bxg8 Rxg8 13. a4 1-0

[Event "AUTO-MASTER-125"]
[Site "http://www.queenalice.com/game.php?id=78572"]
[Date "2006.6.20"]
[Round "2"]
[White "Cleo_Godoy"]
[Black "Catalin"]
[Result "0-1"]
[WhiteElo "1608"]
[BlackElo "1929"]

1. e4 e5 2. Nf3 Nc6 3. Nc3 Bc5 4. b3 Nf6 5. Bc4 Bd4 6. Bb2 d6 7. Bb5 Bxc3 8.
Bxc3 Nxe4 9. Bxc6+ bxc6 10. O-O Nxc3 11. dxc3 O-O 0-1

[Event "AUTO-MASTER-125"]
[Site "http://www.queenalice.com/game.php?id=78574"]
[Date "2006.6.20"]
[Round "2"]
[White "Cleo_Godoy"]
[Black "Winnawer"]
[Result "0-1"]
[WhiteElo "1765"]
[BlackElo "1820"]

1. e4 e5 2. Nf3 Nc6 3. Bc4 Bc5 4. d3 Nf6 5. Ng5 O-O 6. Nc3 h6 7. Nf3 d6 8. O-O
Bg4 9. Qe2 Nd4 10. Qd1 Nh7 11. Nd5 Nxf3+ 12. gxf3 Bh3 13. Re1 c6 0-1

[Event "Lá vamos nós 1"]
[Site "http://www.queenalice.com/game.php?id=80240"]
[Date "2006.6.26"]
[Round "-"]
[White "Cleo_Godoy"]
[Black "alisonkarina"]
[Result "1-0"]
[WhiteElo "1785"]
[BlackElo "1334"]

1. e4 e5 2. Nf3 Nc6 3. Bc4 Nf6 4. d3 Bc5 5. c3 Ng4 6. O-O O-O 7. d4 exd4 8. cxd4
Qf6 9. dxc5 d6 10. cxd6 cxd6 11. Nc3 Qg6 12. Ng5 Qh5 13. h3 h6 14. Nxf7 Rxf7 15.
Qf3 Nce5 16. Bxf7+ Qxf7 17. Qxf7+ Kxf7 18. hxg4 Bxg4 19. f3 Be6 20. Be3 Nd3 21.
b3 Rc8 22. Nb5 Rd8 23. Rfd1 Nb2 24. Rxd6 Ke7 25. Rxd8 Kxd8 26. Bxa7 g5 27. Bb6+
Ke7 28. Rc1 Nd3 29. Rc7+ Kf6 30. Bd4+ Kg6 31. g4 Nf4 32. Rg7# 1-0

[Event "$%#@#@$#"]
[Site "http://www.queenalice.com/game.php?id=80241"]
[Date "2006.6.26"]
[Round "-"]
[White "alisonkarina"]
[Black "Cleo_Godoy"]
[Result "0-1"]
[WhiteElo "1355"]
[BlackElo "1787"]

1. e4 e5 2. c3 Nc6 3. d4 exd4 4. cxd4 Bb4+ 5. Nc3 Nf6 6. e5 Ne4 7. f3 Qh4+ 8.
Ke2 Nf2 9. Qd3 Nxd4+ 10. Kd2 Nxd3 11. Kxd3 Nc6 12. Nd5 Qd4+ 13. Kc2 Qxd5 14. Bf4
Qe4+ 15. fxe4 O-O 16. Rd1 Re8 17. Nf3 d6 18. exd6 Rxe4 19. Bg5 Bxd6 20. Bd3 Rg4
21. Rhe1 Rxg2+ 22. Nd2 Nb4+ 23. Kc3 Nd5+ 24. Kd4 Be6 25. Re4 c5+ 26. Kc4 Ne3+
27. Kc3 Nxd1+ 28. Kc2 Rxg5 29. Rh4 Ne3+ 30. Kc1 h6 31. Be4 c4 32. Bxb7 Bb4 33.
Ne4 Rg1# 0-1

[Event "Again W"]
[Site "http://www.queenalice.com/game.php?id=83912"]
[Date "2006.7.8"]
[Round "-"]
[White "Cleo_Godoy"]
[Black "alisonkarina"]
[Result "0-1"]
[WhiteElo "1721"]
[BlackElo "1421"]

1. e4 e5 2. Nf3 Nc6 3. Bc4 Nf6 4. d3 Bc5 5. Nc3 O-O 6. O-O d5 7. Nxd5 Nxd5 8.
Bxd5 Nb4 9. Nxe5 Nxd5 10. exd5 Qxd5 11. Bf4 Bf5 12. c3 Rad8 13. d4 Be7 0-1

[Event "Again B"]
[Site "http://www.queenalice.com/game.php?id=83913"]
[Date "2006.7.8"]
[Round "-"]
[White "alisonkarina"]
[Black "Cleo_Godoy"]
[Result "1-0"]
[WhiteElo "1449"]
[BlackElo "1693"]

1. e4 e5 2. c3 Nc6 3. d4 d6 4. Nf3 Nf6 5. Bc4 Nxe4 6. Bg5 Nxg5 7. dxe5 Nxf3+ 8.
gxf3 Nxe5 9. Be2 Qe7 10. b3 Nxf3+ 11. Kf1 1-0